000 00652nam a2200277Ia 4500
001 Z_2442
003 CHAP
008 220113s1998 xx 000 0 und d
010 _a165496
040 _cCHAP
082 _a515.15 L4y
100 _aLeithold, Louis
_965913
245 _aEl cálculo /
_cpor Louis Leithold
260 _aMéxico, D. F. :
_bOxford University Press,
_c1998
300 _a1360 p.
440 _a
500 _aTrad. De : The calculus 7 7 ed. De 1994
503 _a199931, C/E
650 _aCálculo
_923990
901 _a515.15 L4y
902 _aA
910 _a1998
942 _c1
942 _cc1
999 _c165496
_d165496